[Event "WYb14"]
[Site "Heraklio GRE"]
[Date "2004.11.12"]
[Round "10"]
[White "Hess,Ro"]
[Black "Le Quang Liem"]
[Result "1/2-1/2"]
[WhiteElo "2214"]
[BlackElo "2329"]

1.e4 c5 2.Nc3 d6 3.g3 Nc6 4.Bg2 g6 5.d3 Bg7 6.f4 e6 7.Nf3 Nge7 8.O-O O-O
9.Be3 Nd4 10.Bf2 Nec6 11.Nxd4 Nxd4 12.e5 f5 13.Na4 Rb8 14.c3 Nb5 15.d4 cxd4
16.cxd4 d5 17.Qb3 Nc7 18.Rfc1 b6 19.Nc5 Rf7 20.Rc2 Ra8 21.Nd3 Ba6 22.Nb4 Bc4
23.Rxc4 dxc4 24.Qxc4 b5 25.Qf1 Nd5 26.Nxd5 exd5 27.Qxb5 Rd7 28.Rc1 Rb8 29.Qc6 Bf8
30.b3 Be7 31.Be1 Rbb7 32.Bxd5+ Kg7 33.Qxb7 Rxb7 34.Bxb7 Qxd4+ 35.Bf2 Qd7
36.Bf3 a5 37.Rd1 Qc7 38.e6 Kf6 39.Re1 Bc5 40.Kg2 Bb4 41.Re2 Ke7 42.g4 fxg4
43.Bh4+ Ke8 44.Bd5 Be7 45.Bxe7 Kxe7 46.Rf2 Qc5 47.Bc4 Qe3 48.Kf1 Qe4 49.a4 h5
50.Rd2 Qh1+ 51.Ke2 Qxh2+ 52.Kd1 Qxf4 53.Rd7+ Ke8 54.Bb5 Qf3+ 55.Kd2 Qf4+
56.Kd1 Qf3+ 57.Kd2 Qf2+ 58.Kd1 Qf3+  1/2-1/2

[Event "Asian U14"]
[Site "Singapore SIN"]
[Date "2004.12.12"]
[Round "2"]
[White "Le Quang Liem"]
[Black "Lee Wei Cheng"]
[Result "1/2-1/2"]
[WhiteElo "2329"]
[BlackElo "2054"]

1.d4 e6 2.c4 d5 3.Nc3 c6 4.e3 f5 5.Bd3 Nf6 6.Nge2 Bd6 7.f3 Nh5 8.g3 O-O 9.Qc2 Qe7
10.Bd2 Kh8 11.c5 Bc7 12.e4 b6 13.b4 Ba6 14.e5 Bxd3 15.Qxd3 a5 16.cxb6 Bxb6
17.Na4 Nd7 18.h4 g6 19.g4 fxg4 20.fxg4 Ng7 21.Rb1 Qf7 22.Nf4 axb4 23.h5 gxh5
24.Nxb6 Nxb6 25.gxh5 Qf5 26.h6 Ne8 27.Qxf5 Rxf5 28.Nxe6 Rxa2 29.Bxb4 Rff2
30.Rh3 Nc4 31.Bc3 Rg2 32.Rf3 Rae2+ 33.Kf1 Ne3+ 34.Rxe3 Rgf2+  1/2-1/2

[Event "Asian U14"]
[Site "Singapore SIN"]
[Date "2004.12.13"]
[Round "4"]
[White "Le Quang Liem"]
[Black "Toufighi,H"]
[Result "1-0"]
[WhiteElo "2329"]
[BlackElo "2146"]

1.d4 Nf6 2.c4 g6 3.Nc3 Bg7 4.e4 d6 5.Nf3 O-O 6.Be2 e5 7.O-O Nc6 8.Be3 Ne8
9.dxe5 Nxe5 10.Bd4 Nc6 11.Bxg7 Nxg7 12.h3 f5 13.exf5 Bxf5 14.Qd2 Qd7 15.Rad1 Rad8
16.Qh6 Be6 17.Ne4 Nf5 18.Qd2 Qg7 19.g4 Nfe7 20.Nfg5 Bc8 21.f4 Kh8 22.Nc3 h6
23.Nge4 Nf5 24.gxf5 gxf5+ 25.Ng5 hxg5 26.fxg5 Be6 27.h4 Ne5 28.b3 Rde8 29.Rf2 f4
30.Rxf4 Rxf4 31.Qxf4 Rf8 32.Qe3 Bg4 33.Rf1 Bxe2 34.Nxe2 Re8 35.Nf4 Qd7 36.Qh3 Ng4
37.Ng2 Re2 38.Qf3 Re7 39.Qf8+ Kh7 40.h5 Rg7 41.g6+ Kh6 42.Rf7  1-0

[Event "Asian U14"]
[Site "Singapore SIN"]
[Date "2004.12.14"]
[Round "5"]
[White "Le Quang Liem"]
[Black "Nguyen Viet Chung"]
[Result "1-0"]
[WhiteElo "2329"]
[BlackElo "2045"]

1.d4 Nf6 2.c4 g6 3.g3 d5 4.cxd5 Nxd5 5.Bg2 Bg7 6.Nf3 O-O 7.O-O Nc6 8.e3 Nb6
9.Nc3 e5 10.d5 Na5 11.b4 Nac4 12.Nd2 Nd6 13.Qb3 f5 14.Bb2 f4 15.exf4 exf4
16.Ne2 Bxb2 17.Qxb2 fxg3 18.fxg3 Bg4 19.Nd4 Qg5 20.Rae1 Rxf1+ 21.Nxf1 Qf6
22.Ne3 Bd7 23.Nec2 Rf8 24.Rf1 Qe7 25.Re1 Qf6 26.Qc1 Nbc4 27.Ne6 Bxe6 28.dxe6 Ne5
29.Qe3 Ndc4 30.Qxa7 Nd2 31.Kh1 Nef3 32.e7 Re8 33.Qf2 Qf5 34.Nd4 Nxd4 35.Qxd4 Nf3
36.Qd8 Nxe1 37.Qxe8+ Kg7 38.Qf8+ Qxf8 39.exf8=Q+ Kxf8 40.Be4 Ke7 41.Kg1 Kd6
42.Kf2 Ke5 43.Bb1  1-0

[Event "Asian U14"]
[Site "Singapore SIN"]
[Date "2004.12.14"]
[Round "6"]
[White "Sai,Sr"]
[Black "Le Quang Liem"]
[Result "0-1"]
[WhiteElo "2237"]
[BlackElo "2329"]

1.e4 c5 2.Nf3 d6 3.d4 cxd4 4.Nxd4 Nf6 5.f3 a6 6.c4 e6 7.Nc3 Be7 8.Be3 O-O
9.Qd2 b6 10.Be2 Bb7 11.O-O Nbd7 12.Rac1 Rc8 13.Rfd1 Re8 14.b3 Bf8 15.Bf2 Qc7
16.g4 g6 17.h4 Qb8 18.h5 Rcd8 19.Bh4 Be7 20.hxg6 hxg6 21.Qh6 Bf8 22.Qd2 Bg7
23.Nc2 Nf8 24.Bg3 Qa8 25.Bf2 d5 26.Bxb6 Rd7 27.cxd5 exd5 28.e5 Rxe5 29.Nd4 Qb8
30.Kg2 Rde7 31.Bc5 Re8 32.Bf1 N8d7 33.Ba3 Re3 34.Qf2 Bh6 35.Rc2 R3e5 36.Bc1 Be3
37.Bxe3 Rxe3 38.Rd3 R3e5 39.Rdd2 Nf8 40.Re2 Ne6 41.Rxe5 Nf4+ 42.Kg1 Qxe5
43.Na4 Qg5 44.Rc3 Bc8 45.Nc5 Kg7 46.Bg2 Qe5 47.Bf1 Bxg4 48.fxg4 Nxg4 49.Qd2 Ne2+  0-1

[Event "Asian U14"]
[Site "Singapore SIN"]
[Date "2004.12.15"]
[Round "7"]
[White "Le Quang Liem"]
[Black "Tejdeep,A"]
[Result "1-0"]
[WhiteElo "2329"]
[BlackElo "2079"]

1.d4 f5 2.g3 Nf6 3.Bg2 g6 4.c3 Bg7 5.Qb3 d5 6.Nh3 c6 7.Nd2 Qb6 8.Qc2 Be6
9.Nf4 Bf7 10.Nf3 Nbd7 11.Nd3 Ne4 12.O-O O-O 13.Be3 Rac8 14.Nfe5 Qd8 15.f3 Nd6
16.Bf4 Nxe5 17.Bxe5 Bxe5 18.Nxe5 c5 19.e3 Nc4 20.Nxc4 dxc4 21.Rad1 cxd4 22.exd4 f4
23.Rde1 Bd5 24.Re5 Qd7 25.Qe2 e6 26.Bh3 Rc6 27.g4 Rb6 28.g5 Re8 29.Bg4 Qb5
30.Rf2 Rd6 31.h4 Qc6 32.Rh2 Rd7 33.h5 Rg7 34.hxg6 hxg6 35.Rh6 Kf7 36.Qh2 Ke7
37.Rxg6 Rxg6 38.Qh7+ Kd6 39.Qxg6 Qd7 40.Qf6 Qh7 41.g6 Qh6 42.Rh5 Qf8 43.Qe5+ Kc6
44.Rh7 Qd6 45.Rf7 Qd8 46.a4 Kb6 47.Qf6 Qxf6 48.Rxf6 Kc6 49.Rxf4 Rg8 50.Bh5 Kd6
51.Rf7 Bc6 52.Kf2 Bd7 53.g7 Bxa4 54.Bg6 Be8 55.Rf8 Rxg7 56.Bxe8 Ke7 57.Rh8  1-0

[Event "Asian U14"]
[Site "Singapore SIN"]
[Date "2004.12.17"]
[Round "8"]
[White "Anas,N"]
[Black "Le Quang Liem"]
[Result "0-1"]
[WhiteElo "2107"]
[BlackElo "2329"]

1.e4 c5 2.Nf3 d6 3.d4 cxd4 4.Nxd4 Nf6 5.Nc3 a6 6.Be2 e5 7.Nb3 Be7 8.Be3 O-O
9.O-O Be6 10.Qd2 Nbd7 11.a4 b6 12.Rfd1 Qc7 13.f3 Qb7 14.Bf1 Rac8 15.Kh1 Rfd8
16.Nd5 Nxd5 17.exd5 Bf5 18.c4 a5 19.Rac1 Bg6 20.Qf2 Re8 21.Re1 f5 22.f4 e4
23.Bd4 Bd8 24.Rc3 Nc5 25.Ra1 Qd7 26.Rh3 Nxa4 27.Re3 Nc5 28.Nxc5 bxc5 29.Bc3 Ra8
30.Be2 Qe7 31.Bd1 Bc7 32.Ba4 Reb8 33.Rg3 Bd8 34.Bb5 Ra7 35.Qd2 Kf7 36.Bxa5 Rba8
37.Rga3 Rxa5 38.Rxa5 Rxa5 39.Rxa5 e3 40.Qe1 Bxa5 41.Qxa5 e2 42.Qe1 Qe3 43.h3 Bh5
44.Bd7 Qxf4 45.Be6+ Kf6 46.Kg1 Qe3+ 47.Kh2 f4 48.Qh4+ g5  0-1

[Event "Asian U14"]
[Site "Singapore SIN"]
[Date "2004.12.18"]
[Round "9"]
[White "Kasyan,A"]
[Black "Le Quang Liem"]
[Result "1/2-1/2"]
[WhiteElo "2226"]
[BlackElo "2329"]

1.d4 d5 2.c4 c6 3.Nc3 Nf6 4.Nf3 a6 5.e3 b5 6.b3 Bg4 7.Be2 Nbd7 8.Bb2 e6 9.O-O Bd6
10.Ne5 Bxe2 11.Nxe2 Qc7 12.f4 O-O 13.Qc2 Qb7 14.Ng3 Rfe8 15.e4 dxe4 16.Nxe4 Nxe4
17.Qxe4 bxc4 18.Nxc4 Bc7 19.Ne5 Nxe5 20.dxe5 Rad8 21.Rac1 Rd2 22.Rc2 Red8
23.Bc3  1/2-1/2

[Event "ch-VIE Prelim"]
[Site "Hue VIE"]
[Date "2005.04.04"]
[Round "2"]
[White "Nguyen Duc Hoa"]
[Black "Le Quang Liem"]
[Result "1-0"]
[WhiteElo "2110"]
[BlackElo "2349"]

1.Nf3 d5 2.d4 Nf6 3.e3 g6 4.c4 Bg7 5.Nc3 O-O 6.Be2 dxc4 7.O-O Nbd7 8.Bxc4 c5
9.Qe2 a6 10.a4 cxd4 11.exd4 Nb6 12.Ba2 Nbd5 13.Nxd5 Nxd5 14.Bg5 Re8 15.Rfe1 Be6
16.h4 Qb6 17.h5 Rad8 18.hxg6 hxg6 19.Ne5 Nc7 20.Nxg6 Bxa2 21.Nxe7+ Rxe7 22.Qxe7 Re8
23.Qxe8+ Nxe8 24.Rxe8+ Kh7 25.Rxa2 Qg6 26.Ra3 Qxg5 27.Rh3+ Bh6 28.Ree3 Qd5
29.Rh4 Kg6 30.Rg3+ Bg5 31.f4 Qxd4+ 32.Kh2 Qxb2 33.Rxg5+ Kf6 34.Rh6+ Ke7 35.Re5+ Kf8
36.a5 Qd2 37.Rf5 Kg8 38.Rhf6 Qb2 39.Kh3 Qb3+ 40.Kh4 Qb2 41.g4 Qd4 42.Kg5 Qd8
43.Kh6 Qf8+ 44.Kh5 Qb4 45.Rxf7 b5 46.axb6  1-0

[Event "ch-VIE Prelim"]
[Site "Hue VIE"]
[Date "2005.04.07"]
[Round "6"]
[White "Bui Vinh"]
[Black "Le Quang Liem"]
[Result "1/2-1/2"]
[WhiteElo "2467"]
[BlackElo "2349"]

1.d4 d5 2.c4 c6 3.Nf3 Nf6 4.Nc3 a6 5.g3 dxc4 6.a4 e6 7.Bg2 c5 8.dxc5 Qxd1+
9.Nxd1 Nc6 10.Be3 Nd5 11.O-O Bd7 12.Nd2 Na5 13.Bd4 f6 14.Ne3 Nxe3 15.Bxe3 Rc8
16.Rac1 Bxa4 17.Ra1 Bxc5 18.Bxc5 Rxc5 19.Rxa4 Ke7 20.Rfa1 b6 21.Rb4 Rd8 22.Ne4 Rb5
23.Rxb5 axb5 24.Bf3 b4 25.Nc5 Rd2 26.Kf1 f5 27.Ke1 bxc5 28.Rxa5 Rxb2 29.Rxc5 c3
30.Kd1 Kd6 31.Rc6+ Kd7 32.Rc4 Kd6 33.Rc6+ Ke7 34.g4 g6 35.gxf5 gxf5 36.Kc1 e5
37.Bh5 e4 38.f4 Kd7 39.Rc4 Kd6 40.h4 Kd5 41.Bf7+ Kd6 42.Bh5 Kd5 43.Bf7+ Kd6
44.Bg8 Rxe2 45.Rxb4 Rf2 46.Rd4+ Ke7 47.Bxh7 e3 48.Rd5 e2 49.Re5+ Kf6 50.Bxf5 Rf1+
51.Kc2 e1=Q 52.Rxe1 Rxe1 53.Bd3 Rh1  1/2-1/2

[Event "ch-VIE Prelim"]
[Site "Hue VIE"]
[Date "2005.04.08"]
[Round "8"]
[White "Nguyen Anh Dung"]
[Black "Le Quang Liem"]
[Result "1/2-1/2"]
[WhiteElo "2561"]
[BlackElo "2349"]

1.e4 c5 2.Nf3 d6 3.d4 cxd4 4.Nxd4 Nf6 5.Nc3 a6 6.Bg5 e6 7.f4 Be7 8.Qf3 Qa5
9.O-O-O Bd7 10.Kb1 Nc6 11.Nb3 Qc7 12.Bd3 O-O-O 13.Rhe1 h6 14.Bxf6 Bxf6 15.Bf1 Kb8
16.Rd2 Bc8 17.Red1 b5 18.a4 b4 19.Na2 Bb7 20.Qe3 g5 21.g3 gxf4 22.gxf4 e5
23.Rf2 Bh4 24.Rg2 exf4 25.Qxf4 Bg5 26.Qf2 Qe7 27.Qb6 Qc7  1/2-1/2

[Event "ch-VIE Prelim"]
[Site "Hue VIE"]
[Date "2005.04.09"]
[Round "9"]
[White "Dao Thien Hai"]
[Black "Le Quang Liem"]
[Result "1/2-1/2"]
[WhiteElo "2609"]
[BlackElo "2349"]

1.d4 d5 2.c4 c6 3.Nf3 Nf6 4.Nc3 dxc4 5.a4 e6 6.e3 c5 7.Bxc4 cxd4 8.Qxd4 Qxd4
9.Nxd4 a6 10.O-O Bd7 11.Rd1 Nc6 12.Nf3 Rc8 13.Ba2 Bc5 14.Bd2 Ke7 15.Be1 Rhd8
16.Rac1 Bb4 17.Kf1 a5 18.Bb3 b6 19.h3 h6 20.Ke2 Be8 21.Rxd8 Rxd8 22.Bd2 e5
23.Nb5 Ne4 24.Bxb4+ axb4 25.Nc7 Nc5 26.Bc4 e4 27.Nd2 Na5 28.Nd5+ Kf8 29.Nxb4 Bxa4
30.Ke1 f5 31.Be2 g5 32.Nc4 Nxc4 33.Rxc4 Bb3 34.Rc3 Be6 35.Ra3 Kf7 36.Nc6 Rd6
37.Nd4 Kf6 38.Bb5 Bd7 39.Bc4 Be6 40.Bb5 Bd7 41.Bc4 Be6  1/2-1/2

[Event "ch-VIE Places"]
[Site "Hue VIE"]
[Date "2005.04.11"]
[Round "1.1"]
[White "Nguyen Van Huy"]
[Black "Le Quang Liem"]
[Result "1/2-1/2"]
[WhiteElo "2344"]
[BlackElo "2349"]

1.e4 c5 2.Nf3 d6 3.d4 cxd4 4.Nxd4 Nf6 5.Nc3 a6 6.Be2 e5 7.Nb3 Be7 8.Bg5 Nbd7
9.a4 b6 10.Bc4 Bb7 11.Bxf6 Nxf6 12.Bd5 Qc7 13.O-O O-O 14.Bxb7 Qxb7 15.Qe2 Rfc8
16.Rfd1 b5 17.axb5 axb5 18.Rxa8 Rxa8 19.Nd5 Nxd5 20.Rxd5 b4 21.h3 Qc7 22.Rb5 Ra2
23.Rxb4 Rxb2 24.Rc4 Rb1+ 25.Kh2 Qd7 26.Qd2 h5 27.g3 h4 28.g4 Kh7 29.Kg2 Kg6
30.Qd5 Qe6 31.Qd3 Kh7 32.Rc6 Qd7 33.Qc4 Qe6 34.Qd3 Qd7 35.Rb6 Qc7 36.Rb5 Rb2
37.c4 Bg5 38.Nd4 Rd2 39.Qf3 Rxd4 40.Qf5+ Kh6 41.f4 Rd2+ 42.Kf3 f6 43.fxg5+ fxg5
44.Qf8 Kh7 45.Qe8 Qa7 46.Qh5+  1/2-1/2

[Event "FSIMC August"]
[Site "Budapest HUN"]
[Date "2005.08.08"]
[Round "3"]
[White "Le Quang Liem"]
[Black "Farago,S"]
[Result "1-0"]
[WhiteElo "2326"]
[BlackElo "2284"]

1.d4 Nf6 2.Nf3 g6 3.c4 Bg7 4.Nc3 d6 5.e4 O-O 6.Be2 e5 7.O-O Nc6 8.Be3 Ng4
9.Bg5 f6 10.Bh4 Nh6 11.d5 Nd4 12.Nxd4 exd4 13.Nb5 g5 14.Bg3 f5 15.exf5 d3
16.Bxd3 Bxb2 17.Rb1 Bg7 18.c5 a6 19.Na3 dxc5 20.d6 c6 21.Bc4+ Kh8 22.Be6 Bd4
23.Nc2 Nxf5 24.Nxd4 Nxg3 25.hxg3 Qxd6 26.Bxc8 Raxc8 27.Nf3 Qe7 28.Re1 Qf7
29.Qc2 g4 30.Ng5 Qf5 31.Qb2+ Kg8 32.Ne6 Rf7 33.Re5 Qf6 34.Rg5+ Kh8 35.Qxf6+ Rxf6
36.Nxc5 Re8 37.Rxg4 b5 38.Nxa6 Re2 39.Rf4 Rd6 40.a4 Kg7 41.axb5 cxb5 42.Nc7  1-0

[Event "FSIMC August"]
[Site "Budapest HUN"]
[Date "2005.08.09"]
[Round "4"]
[White "Le Quang Liem"]
[Black "Blodstein,B"]
[Result "1/2-1/2"]
[WhiteElo "2326"]
[BlackElo "2249"]

1.d4 Nf6 2.Nf3 c5 3.g3 cxd4 4.Nxd4 g6 5.Bg2 Bg7 6.O-O O-O 7.c4 Nc6 8.Nc3 Nxd4
9.Qxd4 d6 10.Qh4 Rb8 11.Bg5 Re8 12.Rfd1 b6 13.e4 Ng4 14.Nd5 f6 15.Bd2 Ne5
16.Ne3 Bb7 17.Bc3 Rc8 18.b3 e6 19.Rac1 f5 20.Qxd8 Rcxd8 21.f4 Nc6 22.Bxg7 Kxg7
23.Rd2 Kf7 24.Rcd1 Ke7 25.Re1 Kf7 26.Nc2 a6 27.Red1 Ke7 28.exf5 gxf5 29.Nb4 Nxb4
30.Bxb7 Rd7 31.a3 Rxb7 32.axb4 Rd8 33.Ra2 a5 34.bxa5 bxa5 35.Rd3 Rdb8 36.Ra3 Rb4
37.Rc3 a4 38.bxa4 Rb2 39.a5 Rd2 40.Rcb3 Rxb3 41.Rxb3 Ra2 42.Rb7+ Kf6 43.Ra7 Ra4
44.a6 e5 45.fxe5+ Kxe5 46.Ra8 Ke4 47.Kg2 Ra2+ 48.Kh3 Kf3 49.a7 Ra4 50.Kh4 Rxc4+
51.Kg5 Ra4 52.Kxf5 Ra6 53.g4 d5 54.Ke5 Kg2 55.h4 Kg3 56.h5 Kh4 57.g5 Kxh5
58.g6 Kh6 59.Kxd5 Kg7 60.gxh7 Kxh7 61.Kc5 Ra1 62.Kb6 Rb1+  1/2-1/2

[Event "FSIMC August"]
[Site "Budapest HUN"]
[Date "2005.08.11"]
[Round "6"]
[White "Le Quang Liem"]
[Black "Karasik,E"]
[Result "1-0"]
[WhiteElo "2326"]
[BlackElo "2239"]

1.d4 Nf6 2.Nf3 b5 3.Bg5 Bb7 4.Nbd2 d5 5.e3 a6 6.a4 b4 7.Bxf6 exf6 8.Nb3 Bd6
9.g3 a5 10.Bg2 O-O 11.O-O Nd7 12.Ne1 Re8 13.Nd3 f5 14.Qd2 c6 15.c3 Ba6 16.cxb4 axb4
17.Rfc1 Bc4 18.Qc2 g6 19.Nd2 Bxd3 20.Qxd3 Qb6 21.Nb3 Qa6 22.Qxa6 Rxa6 23.Bf1 Ra7
24.Rxc6 Be7 25.Rac1 Kg7 26.a5 Rea8 27.Rc7 Bd8 28.Rxa7 Rxa7 29.a6 Nb6 30.Na5 Ra8
31.Nc6 b3 32.a7 Rc8 33.Rc5 Na4 34.Ba6 Ra8 35.Rxd5 Bb6 36.Bb7 Rxa7 37.Nxa7 Bxa7
38.Ra5 Nxb2 39.Rxa7  1-0

[Event "FSIMC August"]
[Site "Budapest HUN"]
[Date "2005.08.13"]
[Round "8"]
[White "Le Quang Liem"]
[Black "Aguettaz,M"]
[Result "1-0"]
[WhiteElo "2326"]
[BlackElo "2347"]

1.d4 Nf6 2.Nf3 g6 3.c4 Bg7 4.Nc3 d6 5.e4 O-O 6.Be2 e5 7.O-O Nc6 8.Be3 Ng4
9.Bg5 f6 10.Bh4 h5 11.Bg3 Nh6 12.c5 dxc5 13.Qb3+ Kh7 14.dxc5 g5 15.h3 g4
16.hxg4 hxg4 17.Nh2 Nd4 18.Qd1 c6 19.Bxg4 Nxg4 20.Nxg4 Rg8 21.f4 Bf8 22.f5 Bxc5
23.Bf2 b6 24.Qd3 Kg7 25.Qg3 Kf8 26.Qh4 Qe7 27.Be3 Nxf5 28.Qxf6+ Qxf6 29.Bxc5+ Qe7
30.Bxe7+ Kxe7 31.exf5 Rxg4 32.Rae1 Ba6 33.Rxe5+ Kf7 34.Rf2 Rd8 35.f6 Rd7
36.Ne4 Rh4 37.Re7+  1-0

[Event "FSIMC August"]
[Site "Budapest HUN"]
[Date "2005.08.14"]
[Round "9"]
[White "Torma,R"]
[Black "Le Quang Liem"]
[Result "0-1"]
[WhiteElo "2272"]
[BlackElo "2326"]

1.e4 c5 2.f4 d6 3.Nf3 Nc6 4.Bb5 Bd7 5.c4 g6 6.O-O Bg7 7.Nc3 Nf6 8.d3 O-O
9.Bd2 Ne8 10.Bxc6 Bxc6 11.Qe1 e6 12.Qh4 Qxh4 13.Nxh4 Nc7 14.f5 exf5 15.exf5 Bd4+
16.Kh1 Rfe8 17.Nf3 Be3 18.fxg6 hxg6 19.Rae1 Bxd2 20.Nxd2 f5 21.Kg1 Ne6 22.Nd5 Kg7
23.g4 fxg4 24.Nf6 Nf4 25.Nxe8+ Rxe8 26.Rxf4 Rxe1+ 27.Kf2 Ra1 28.a3 Ra2 29.Rxg4 Rxb2
30.Ke3 Ra2 31.Ne4 Bxe4 32.Rxe4 Kf7 33.Rf4+ Ke6 34.Re4+ Kd7 35.h4 Rxa3 36.Rg4 Ra2
37.Rxg6 Rh2 38.Rh6 a5 39.d4 cxd4+ 40.Kxd4 Kc6 41.Rh5 a4 42.Kc3 a3 43.Kb3 Rh3+
44.Ka2 b6 45.Ka1 Rh2 46.Kb1 Rb2+ 47.Ka1 Rc2 48.Rh8 Kb7 49.Rh7+ Ka6 50.h5 Rxc4
51.Ka2 Rc3 52.Rd7 Ka5 53.Rxd6 b5 54.h6 Rh3 55.h7 Ka4  0-1

[Event "FSIMC August"]
[Site "Budapest HUN"]
[Date "2005.08.15"]
[Round "10"]
[White "Le Quang Liem"]
[Black "Kaposztas,M"]
[Result "1/2-1/2"]
[WhiteElo "2326"]
[BlackElo "2260"]

1.d4 c5 2.Nf3 g6 3.g3 Bg7 4.Bg2 Nf6 5.O-O O-O 6.c4 Nc6 7.Nc3 d6 8.h3 cxd4
9.Nxd4 Bd7 10.Nf3 a6 11.Be3 Na5 12.b3 Rb8 13.Rc1 b5 14.c5 dxc5 15.Bxc5 Nb7
16.Ba7 Ra8 17.Bd4 Bc6 18.Na4 Be4 19.Nc3 Bc6 20.Na4  1/2-1/2

[Event "FSIMC August"]
[Site "Budapest HUN"]
[Date "2005.08.16"]
[Round "11"]
[White "Eperjesi,L"]
[Black "Le Quang Liem"]
[Result "1/2-1/2"]
[WhiteElo "2259"]
[BlackElo "2326"]

1.d4 d5 2.c4 c6 3.cxd5 cxd5 4.Nc3 Nf6 5.Bf4 Nc6 6.e3 Bf5 7.Bd3 Bxd3 8.Qxd3 e6
9.Nge2 Be7 10.h3 O-O 11.O-O Rc8 12.Rac1 Qd7 13.Rfd1 b6 14.Bh2 Rfd8 15.Qb1 Qb7
16.Nf4 h6 17.Nd3 Na5 18.Ne5 b5 19.Ne2 Nc4 20.Nf4 Nxe5 21.dxe5 Ne4 22.Rxc8 Rxc8
23.f3 Nc5 24.Ne2 Nd7 25.Kh1 Bc5 26.Qd3 Nf8 27.f4 Ng6 28.f5 exf5 29.Qxf5 Bxe3
30.e6 Re8  1/2-1/2

[Event "FSGM September"]
[Site "Budapest HUN"]
[Date "2005.09.03"]
[Round "1"]
[White "Bergez,L"]
[Black "Le Quang Liem"]
[Result "0-1"]
[WhiteElo "2353"]
[BlackElo "2326"]

1.e4 c5 2.Nf3 d6 3.Bc4 Nf6 4.d3 e6 5.O-O Be7 6.Re1 O-O 7.Nbd2 Nc6 8.a3 a6
9.Ba2 b5 10.c3 Bb7 11.Nf1 Rc8 12.Ng3 Nd7 13.d4 Re8 14.Bf4 cxd4 15.cxd4 Na5
16.d5 exd5 17.Bxd5 Bxd5 18.Qxd5 Bf6 19.Qxd6 Nc4 20.Qxa6 Bxb2 21.Rad1 Qb6
22.Qxb6 Ndxb6 23.Nd4 Bc3 24.Rf1 Nb2 25.Nxb5 Nxd1 26.Rxd1 Be5 27.Bxe5 Rxe5
28.Na7 Ra8 29.h4 g6 30.Nc6 Rc5 31.Ne7+ Kf8 32.Nd5 Rd8 33.h5 Nxd5 34.hxg6 hxg6
35.exd5 Rcxd5 36.Rxd5 Rxd5 37.Nf1 Ra5 38.g3 Rxa3 39.Kg2 Ke7 40.Nd2 f5 41.Nf1 g5
42.Nd2 Ke6 43.Nf3 Kf6 44.Nd2 Rd3 45.Nf3 g4 46.Nh4 f4 47.f3 Rd2+ 48.Kg1 Kg5
49.Ng2 fxg3 50.f4+ Kf5 51.Nh4+ Kxf4 52.Ng2+ Kf3 53.Nh4+ Ke4 54.Ng6 Rh2 55.Kf1 Rh6
56.Ne7 Kf3  0-1

[Event "FSGM September"]
[Site "Budapest HUN"]
[Date "2005.09.03"]
[Round "13"]
[White "Le Quang Liem"]
[Black "Ilincic,Z"]
[Result "0-1"]
[WhiteElo "2326"]
[BlackElo "2470"]

1.d4 Nf6 2.Nf3 c5 3.c4 cxd4 4.Nxd4 g6 5.g3 Bg7 6.Bg2 O-O 7.O-O d6 8.Nc3 a6
9.b3 Qa5 10.Bb2 Qh5 11.Qd2 e5 12.Nc2 Nc6 13.Nd5 Nxd5 14.Bxd5 Bh3 15.Rfe1 Bh6
16.Qd3 Rfe8 17.Bf3 Qf5 18.Be4 Qd7 19.Rad1 Rad8 20.Bc3 Bg7 21.Nb4 f5 22.Bg2 Bxg2
23.Kxg2 e4 24.Qc2 Nxb4 25.Bxb4 f4 26.Rxd6 f3+ 27.Kh1 Qh3 28.Rg1 Rxd6 29.Bxd6 g5
30.Qd1 Qe6 31.Bc5 g4 32.e3 Bf6 33.Qd6 Qxd6 34.Bxd6 Rd8 35.c5 Kf7 36.h3 h5
37.Rc1 Ke6 38.Kg1 Be5 39.Rc4 Bxd6 40.cxd6 Rxd6 41.Rxe4+ Kf5 42.Rf4+ Kg5 43.h4+ Kg6
44.Rd4 Rc6 45.Rc4 Rxc4 46.bxc4 Kf5 47.Kf1 Ke4 48.Ke1 Kd3 49.c5 a5 50.Kd1 a4
51.a3 Kc3 52.Kc1 Kb3 53.Kd2 Kc4 54.c6 bxc6 55.Kc2 c5 56.Kd2 Kb3 57.e4 c4
58.Kc1 Kxa3 59.e5 Kb3 60.e6 a3 61.e7 a2 62.e8=Q a1=Q+ 63.Kd2 Qb2+ 64.Kd1 Qe2+  0-1

[Event "FSGM September"]
[Site "Budapest HUN"]
[Date "2005.09.04"]
[Round "2"]
[White "Le Quang Liem"]
[Black "Prohaszka,P2"]
[Result "1/2-1/2"]
[WhiteElo "2326"]
[BlackElo "2331"]

1.d4 Nf6 2.Nf3 e6 3.g3 b6 4.Bg2 Bb7 5.O-O c5 6.c4 cxd4 7.Qxd4 Nc6 8.Qf4 Ne7
9.Nc3 Ng6 10.Qd2 Bb4 11.Qd3 Rc8 12.Bd2 Bxf3 13.Qxf3 Ne5 14.Qb7 Nxc4 15.Bf4 Bxc3
16.bxc3 a5 17.Rfd1 O-O 18.Rab1 h6 19.a4 d6 20.e4 e5 21.Bc1 Qe8 22.Rb5 Qe6
23.Rb1 Qe8 24.Ra1 Qc6 25.Qxc6 Rxc6 26.Rb1 Rc5 27.f3 Rfc8 28.Kf2 d5 29.h3 R8c6
30.Rb3 Rd6 31.Ke2 dxe4 32.fxe4 Rxd1 33.Kxd1 Nd7 34.Bf1 Kf8 35.Bd3 Ke8 36.g4 f6
37.h4 Kd8 38.Ke2 Kc7 39.Rb1 Rc6 40.Kf3 Nd6 41.Bd2 Nc5 42.Bc2 Nc4 43.Bc1 Rd6
44.Ke2 Rd8 45.Ra1 Kc6 46.Rb1 Rd7 47.Ra1 Rb7 48.g5 fxg5 49.hxg5 hxg5 50.Bxg5 Ne6
51.Rg1 Nxg5 52.Rxg5 Re7 53.Bb3 Kc5 54.Rg6 b5 55.Bxc4 Kxc4 56.Rc6+ Kb3 57.axb5 Rb7
58.c4 a4 59.Ra6 a3 60.b6 Kxc4 61.Rxa3 Rxb6 62.Ra7 g6 63.Rd7 Re6 64.Rd5 g5
65.Kf3 Rf6+ 66.Kg3 Rf1 67.Rxe5 Rg1+ 68.Kf2 Kd4 69.Ra5 Rg4 70.Kf3 Rf4+ 71.Kg3  1/2-1/2

[Event "FSGM September"]
[Site "Budapest HUN"]
[Date "2005.09.05"]
[Round "3"]
[White "Pilgaard,K"]
[Black "Le Quang Liem"]
[Result "1/2-1/2"]
[WhiteElo "2415"]
[BlackElo "2326"]

1.e4 c5 2.Nf3 d6 3.d4 cxd4 4.Nxd4 Nf6 5.Nc3 a6 6.Bc4 e6 7.Bb3 Nbd7 8.f4 Nc5
9.Qf3 Be7 10.f5 O-O 11.Be3 Qc7 12.O-O e5 13.Nde2 Nxb3 14.axb3 b5 15.Bg5 Bb7
16.Bxf6 Bxf6 17.Rad1 b4 18.Nd5 Bxd5 19.Rxd5 Qxc2 20.Ng3 g6 21.Rf2 Qc7 22.Qg4 Kh8
23.Rd1 Qe7 24.Rfd2 Rfd8 25.Rd3 a5 26.Nf1 Bg5 27.Kh1 Ra6 28.Ne3 Bxe3 29.Rxe3 Rc6
30.fxg6 fxg6 31.h3 Rf8 32.Rf3 Rxf3 33.Qxf3 Rc2 34.Rd5 Rc5 35.Rd1 Kg7 36.Qd3 Rc6
37.Qd5 Qc7 38.Kh2 h5 39.Rf1 Rc1 40.Rf3 Qa7 41.Qxd6 Qg1+  1/2-1/2

[Event "FSGM September"]
[Site "Budapest HUN"]
[Date "2005.09.06"]
[Round "4"]
[White "Le Quang Liem"]
[Black "Sakelsek,T"]
[Result "1/2-1/2"]
[WhiteElo "2326"]
[BlackElo "2390"]

1.d4 Nf6 2.Nf3 e6 3.g3 d5 4.Bg2 Be7 5.O-O O-O 6.c4 dxc4 7.Qc2 a6 8.a4 c5
9.dxc5 Bxc5 10.Qxc4 Qe7 11.Nc3 h6 12.a5 Nc6 13.Na4 Bb4 14.Nb6 Rb8 15.Bf4 e5
16.Nxe5 Nxe5 17.Bxe5 Qxe5 18.Qxb4 Qxe2 19.Rfe1 Qh5 20.Rac1 Bh3 21.Rc5 g5
22.Qd4 Rfe8 23.Rcc1 Bxg2 24.Kxg2 Qg6 25.Rxe8+ Rxe8 26.Rc7 Qf5 27.Rxb7 Re2
28.Nd7 Nxd7 29.Rxd7 Rxf2+ 30.Qxf2 Qxd7 31.Qb6 Qd2+ 32.Kg1 Qe1+ 33.Kg2 Qd2+
34.Kg1 Qe1+  1/2-1/2

[Event "FSGM September"]
[Site "Budapest HUN"]
[Date "2005.09.07"]
[Round "5"]
[White "Pitl,G"]
[Black "Le Quang Liem"]
[Result "0-1"]
[WhiteElo "2332"]
[BlackElo "2326"]

1.e4 c5 2.Nf3 d6 3.d4 cxd4 4.Nxd4 Nf6 5.Nc3 a6 6.Bc4 e6 7.Bb3 Nbd7 8.Bg5 Nc5
9.f4 Be7 10.Qf3 O-O 11.O-O-O Bd7 12.g4 b5 13.Bxf6 Bxf6 14.g5 Be7 15.Kb1 b4
16.Nce2 Nxb3 17.cxb3 a5 18.h4 a4 19.bxa4 Rxa4 20.f5 exf5 21.Nxf5 Bc6 22.Ned4 Bb7
23.Rde1 Qd7 24.Rhf1 Bd8 25.b3 Ra5 26.h5 Bxg5 27.Qg3 h6 28.Qxd6 Qxd6 29.Nxd6 Ba6
30.Rf3 Bd2 31.Rh1 Rg5 32.N4f5 Rg2 33.Ne7+ Kh7 34.Nd5 Be2 35.Rfh3 f6 36.Kc2 Bg5
37.R1h2 Rxh2 38.Rxh2 Bf3 39.Kd3 f5 40.Rh3 Bg2 41.Rg3 Bf1+ 42.Kd4 f4 43.Rf3 Be2
44.Rf2 Bg4 45.Nf5 f3 46.Nde3 Bxh5 47.e5 g6 48.Ng3 Bh4 49.Nef1 Bg4 50.Ke3 Bg5+
51.Ke4 h5 52.Nh2 Kg7 53.e6 Bh4 54.Nhf1 Bxe6 55.Rxf3 Bd5+  0-1

[Event "FSGM September"]
[Site "Budapest HUN"]
[Date "2005.09.08"]
[Round "6"]
[White "Le Quang Liem"]
[Black "Fogarasi,T"]
[Result "0-1"]
[WhiteElo "2326"]
[BlackElo "2490"]

1.d4 Nf6 2.Nf3 c5 3.g3 cxd4 4.Nxd4 d5 5.Bg2 e5 6.Nb3 h6 7.c4 Bb4+ 8.N3d2 Nc6
9.cxd5 Nxd5 10.O-O O-O 11.a3 Be7 12.b4 Be6 13.Bb2 f6 14.Nf3 Qd7 15.Nbd2 Rfd8
16.Rc1 a5 17.b5 Na7 18.a4 Nc8 19.Nc4 Ncb6 20.Nfd2 Bb4 21.Be4 Bxd2 22.Nxd2 Nb4
23.Nf3 Qf7 24.Qe1 Nxa4 25.Ba3 Nd5 26.Bc2 Nab6 27.Bb3 Nf4 28.Bxe6 Nxe6 29.e4 Rd3
30.Rc3 Rad8 31.Bc1 Qh5 32.Rxd3 Rxd3 33.Nh4 Nc4 34.Nf5 Nd4 35.Nxd4 exd4 36.h4 Ne5
37.Kh1 Qg4 38.Kg2 Nf3 39.Qxa5 Nxh4+ 40.Kh2 Qf3 41.Kh3 Qg2+ 42.Kxh4 Qxf1 43.Qd8+ Kh7
44.Qd5 Qxc1 45.Qf5+ Kh8  0-1

[Event "FSGM September"]
[Site "Budapest HUN"]
[Date "2005.09.09"]
[Round "7"]
[White "Collins,S IRL"]
[Black "Le Quang Liem"]
[Result "0-1"]
[WhiteElo "2413"]
[BlackElo "2326"]

1.e4 c5 2.c3 d5 3.exd5 Qxd5 4.d4 Nf6 5.Nf3 e6 6.Na3 Qd8 7.Nc2 Nc6 8.Bd3 b6
9.Qe2 Bb7 10.Bg5 Be7 11.O-O-O Nd5 12.Bd2 Qc7 13.Kb1 cxd4 14.Ncxd4 Nxd4 15.Nxd4 O-O
16.Bc2 Rfd8 17.h4 Rac8 18.Qd3 Nf6 19.Bg5 Be4 20.Qe2 Bxc2+ 21.Qxc2 a6 22.h5 h6
23.Bh4 b5 24.Qe2 Qc4 25.Qxc4 Rxc4 26.Nf3 Kf8 27.Rxd8+ Bxd8 28.Ne5 Re4 29.Nd7+ Nxd7
30.Bxd8 Ke8 31.Bh4 Nc5 32.b3 f6 33.f3 Re2 34.g4 Nd3 35.Rd1 Ne5 36.f4 Nxg4
37.Rg1 f5 38.Rd1 e5 39.Rd8+ Kf7 40.Rd7+ Ke6 41.Re7+ Kd5 42.fxe5 Rxe5 43.Rxg7 Ke4
44.Kb2 Ne3 45.Rg6 f4 46.Rxa6 Rxh5 47.Be7 Rh2+ 48.Kc1 Nd5 49.c4 bxc4 50.bxc4 Ne3
51.c5 f3 52.Re6+ Kd3 53.Rd6+ Kc4 54.Rf6 Rc2+ 55.Kb1 f2 56.c6 Kd3 57.Bc5 f1=Q+
58.Rxf1 Nxf1  0-1

[Event "FSGM September"]
[Site "Budapest HUN"]
[Date "2005.09.10"]
[Round "8"]
[White "Le Quang Liem"]
[Black "Szabo,Kr"]
[Result "1-0"]
[WhiteElo "2326"]
[BlackElo "2422"]

1.d4 Nf6 2.Nf3 d5 3.c4 e6 4.Nc3 dxc4 5.e3 a6 6.Bxc4 c5 7.O-O b5 8.Bb3 Bb7
9.Qe2 Nbd7 10.Rd1 Qb6 11.Bc2 cxd4 12.exd4 Be7 13.Bg5 b4 14.Ne4 O-O 15.Ne5 Rfe8
16.Bxf6 Nxf6 17.Nxf6+ Bxf6 18.Bxh7+ Kxh7 19.Qh5+ Kg8 20.Qxf7+ Kh7 21.Rd3 Bh4
22.Rh3 Qxd4 23.Qh5+ Kg8 24.Rxh4  1-0